[Event "26th WSCC 2016 Open 65+"]
[Site "Marianske Lazne, Czech Republic - Hotel Cristal and Continental"]
[Date "2016.11.30"]
[Round "11.34"]
[White "Anguera Maestro, Jaime"]
[Black "Gergel, Vladimir P"]
[Result "1-0"]
[WhiteElo "2081"]
[BlackElo "2201"]
[PlyCount "79"]
[EventDate "2016.11.19"]

1. d4 Nf6 2. Nf3 g6 3. c4 Bg7 4. Nc3 O-O 5. e4 d6 6. Be2 Nc6 7. O-O e5 8. dxe5
Nxe5 9. Nxe5 dxe5 10. Qxd8 Rxd8 11. Bg5 c6 12. f4 Re8 13. f5 Nd7 14. g4 Bf8 15.
Be3 Bc5 16. Bxc5 Nxc5 17. b4 Nd7 18. c5 g5 19. h4 h6 20. Kg2 Kg7 21. Bc4 Nf6
22. Kf3 Rd8 23. Rfd1 Bd7 24. a4 Be8 25. hxg5 hxg5 26. Ne2 Rxd1 27. Rxd1 a5 28.
b5 Nd7 29. Ng3 Nxc5 30. Nh5+ Kf8 31. f6 Kg8 32. Ng7 Nxa4 33. Nf5 Bd7 34. Ne7+
Kf8 35. Rh1 Bxg4+ 36. Kxg4 Ke8 37. Rh8+ Kd7 38. Rxa8 Nb6 39. bxc6+ Kc7 40. Nd5+
1-0

[Event "26th WSCC 2016 Open 65+"]
[Site "Marianske Lazne, Czech Republic - Hotel Cristal and Continental"]
[Date "2016.11.30"]
[Round "11.35"]
[White "Sprotte, Norbert"]
[Black "Joukl, Zdenek"]
[Result "1-0"]
[WhiteElo "2196"]
[BlackElo "2108"]
[PlyCount "101"]
[EventDate "2016.11.19"]

1. d4 Nf6 2. Nf3 d6 3. Nc3 Nbd7 4. e4 e5 5. Bc4 Be7 6. O-O O-O 7. h3 c6 8. dxe5
dxe5 9. a4 a5 10. Qe2 Qc7 11. Nh4 Nc5 12. Nf5 Bxf5 13. exf5 Rad8 14. g4 Kh8 15.
Re1 Nd5 16. Bxd5 cxd5 17. Qxe5 Qxe5 18. Rxe5 Bf6 19. Re1 d4 20. Ne4 Nxe4 21.
Rxe4 d3 22. cxd3 Rxd3 23. Be3 h6 24. Ra3 Rfd8 25. Re8+ Kh7 26. Rxd8 Rxa3 27.
bxa3 Bxd8 28. Bc5 h5 29. f3 Bg5 30. Kf2 g6 31. fxg6+ Kxg6 32. Bb6 Bc1 33. Bxa5
Bxa3 34. Ke3 hxg4 35. hxg4 f5 36. Bd8 fxg4 37. fxg4 Kf7 38. Kd3 Ke8 39. Bf6 Bc1
40. Kc4 Kd7 41. Kb5 Kc8 42. Be5 Be3 43. Kc4 Kd7 44. Kd5 Bg5 45. Bg3 Bd2 46. Ke5
Kc6 47. Bf4 Bc3+ 48. Ke6 Bg7 49. g5 Kb6 50. Be5 Bf8 51. Kf7 1-0

[Event "26th WSCC 2016 Open 65+"]
[Site "Marianske Lazne, Czech Republic - Hotel Cristal and Continental"]
[Date "2016.11.30"]
[Round "11.36"]
[White "Altshul, Raffael"]
[Black "Ruckschloss, Karol"]
[Result "0-1"]
[WhiteElo "2037"]
[BlackElo "2255"]
[PlyCount "38"]
[EventDate "2016.11.19"]

1. d4 f5 2. Bf4 Nf6 3. e3 g6 4. h4 h6 5. Nf3 d6 6. c4 Bg7 7. Nc3 c6 8. Bd3 O-O
9. Qd2 Ng4 10. d5 cxd5 11. cxd5 Nd7 12. Be2 Ndf6 13. Nd4 Qb6 14. Rd1 Kh7 15.
Bg3 Bd7 16. f3 Nh5 17. Bh2 Nxh2 18. Rxh2 f4 19. e4 Rac8 0-1

[Event "26th WSCC 2016 Open 65+"]
[Site "Marianske Lazne, Czech Republic - Hotel Cristal and Continental"]
[Date "2016.11.30"]
[Round "11.37"]
[White "Singer, Hans"]
[Black "Leitner, Walter"]
[Result "1-0"]
[WhiteElo "2202"]
[BlackElo "2039"]
[PlyCount "133"]
[EventDate "2016.11.19"]

1. Nf3 d5 2. d4 Nf6 3. c4 c6 4. Nc3 e6 5. Bg5 Be7 6. e3 O-O 7. Qc2 Nbd7 8. a3
Re8 9. Bd3 h6 10. Bh4 dxc4 11. Bxc4 b6 12. O-O Bb7 13. Rad1 Rc8 14. Qe2 Nh5 15.
Bxe7 Qxe7 16. Ba6 Bxa6 17. Qxa6 Rc7 18. e4 Nhf6 19. e5 Nd5 20. Ne4 Rf8 21. Rfe1
c5 22. Rc1 Nb8 23. Qc4 cxd4 24. Qxd4 Rfc8 25. Rxc7 Rxc7 26. Nd6 a6 27. g3 Nc6
28. Qd3 Nxe5 29. Nxe5 Qxd6 30. Qxa6 Qc5 31. Nd3 Qd4 32. Re2 Kh7 33. Ne5 g6 34.
Qd3 Qxd3 35. Nxd3 Kg7 36. h4 h5 37. Kf1 Kf6 38. Ke1 Ke7 39. Kd1 f6 40. Rc2 Kd6
41. Rxc7 Kxc7 42. Ke2 e5 43. f3 Kd6 44. Nf2 f5 45. Nd3 Ke6 46. a4 Kd6 47. b3 e4
48. fxe4 Nc3+ 49. Ke3 Nxe4 50. b4 Nxg3 51. Nf4 Ne4 52. Nxg6 Nc3 53. Nf4 Nxa4
54. Nxh5 Ke5 55. Nf4 Nc3 56. Nd3+ Kf6 57. Kd4 Ne2+ 58. Kd5 Kg6 59. Ke5 Nc3 60.
Nf4+ Kh6 61. Kd4 Ne4 62. Kd5 b5 63. Kc6 Nc3 64. Kc5 Kg7 65. Nd5 Ne2 66. Kxb5 f4
67. Kc4 1-0

[Event "26th WSCC 2016 Open 65+"]
[Site "Marianske Lazne, Czech Republic - Hotel Cristal and Continental"]
[Date "2016.11.30"]
[Round "11.38"]
[White "Vladimirsky, Mark"]
[Black "Sejkora, Vlastimil"]
[Result "1/2-1/2"]
[WhiteElo "2023"]
[BlackElo "2195"]
[PlyCount "76"]
[EventDate "2016.11.19"]

1. Nf3 g6 2. d4 Bg7 3. e4 c6 4. c3 d5 5. e5 Bf5 6. h3 h5 7. Be2 Bxb1 8. Rxb1 e6
9. Bg5 Ne7 10. Qd2 Nd7 11. O-O Qc7 12. Rfc1 Nf5 13. g4 hxg4 14. hxg4 Ne7 15.
Kg2 Nb6 16. Rh1 O-O-O 17. b4 Kb8 18. Qf4 Rdf8 19. Rxh8 Bxh8 20. Bh6 g5 21. Bxg5
Ng6 22. Qg3 Nd7 23. Bd3 Rg8 24. Bxg6 Rxg6 25. Rh1 Rg8 26. Be7 Qc8 27. Ne1 Qe8
28. Bd6+ Ka8 29. f4 f6 30. Rh7 Nb6 31. Qh4 fxe5 32. dxe5 Nc8 33. Kg3 Nxd6 34.
exd6 Bxc3 35. Nd3 Qg6 36. Nf2 Be1 37. d7 Bxf2+ 38. Kxf2 Qc2+ 1/2-1/2

[Event "26th WSCC 2016 Open 65+"]
[Site "Marianske Lazne, Czech Republic - Hotel Cristal and Continental"]
[Date "2016.11.30"]
[Round "11.39"]
[White "Titz, Heimo"]
[Black "Kock, Hans-Uwe"]
[Result "1-0"]
[WhiteElo "2189"]
[BlackElo "2037"]
[PlyCount "107"]
[EventDate "2016.11.19"]

1. c4 c5 2. Nf3 Nc6 3. Nc3 Nf6 4. g3 e6 5. Bg2 d5 6. cxd5 exd5 7. d4 c4 8. O-O
Be7 9. Bg5 Be6 10. e3 O-O 11. Ne5 Ne8 12. Bxe7 Nxe7 13. f4 f6 14. Nf3 Qd7 15.
Qa4 Qc6 16. Nd2 Nc7 17. Qxc6 Nxc6 18. b3 cxb3 19. Nxb3 Bf7 20. Rac1 Rad8 21.
Rfd1 Rfe8 22. Kf2 Re7 23. Bf1 Ne8 24. Bb5 Nd6 25. Bxc6 bxc6 26. Nd2 Rb8 27. Rb1
Reb7 28. Rb3 Rxb3 29. axb3 Nb5 30. Na4 Be8 31. g4 Kf8 32. Rc1 Ke7 33. Kf3 Kd6
34. Nc5 Bf7 35. Nb1 Re8 36. Nc3 Rb8 37. Nxb5+ Rxb5 38. Ra1 a5 39. h4 Be6 40. f5
Bc8 41. Kf4 Ke7 42. g5 Kf7 43. Rg1 fxg5+ 44. hxg5 g6 45. Rh1 Kg7 46. f6+ Kg8
47. Ke5 Bf5 48. Kd6 Be4 49. Rh2 a4 50. bxa4 Rb1 51. Ke7 Rf1 52. Rb2 h5 53. Rb8+
Kh7 54. f7 1-0

[Event "26th WSCC 2016 Open 65+"]
[Site "Marianske Lazne, Czech Republic - Hotel Cristal and Continental"]
[Date "2016.11.30"]
[Round "11.40"]
[White "Raikin, Leonid"]
[Black "Hastik, Svatopluk"]
[Result "1/2-1/2"]
[WhiteElo "2180"]
[BlackElo "2023"]
[PlyCount "79"]
[EventDate "2016.11.19"]

1. Nf3 Nf6 2. c4 g6 3. Nc3 Bg7 4. e4 d6 5. d4 O-O 6. Be2 Nbd7 7. Bg5 h6 8. Bd2
e5 9. d5 Nc5 10. Qc2 a5 11. Be3 b6 12. Nd2 Ng4 13. Bxg4 Bxg4 14. f3 Bd7 15. g4
f5 16. gxf5 gxf5 17. O-O-O f4 18. Bf2 Kh7 19. Nb3 Bf6 20. Nxc5 bxc5 21. Rdg1
Bh3 22. Nd1 Qd7 23. Be1 Rg8 24. Nf2 Bg2 25. Ng4 Rxg4 26. Rxg2 Rxg2 27. Qxg2 Rg8
28. Qf1 Qa4 29. a3 Qb3 30. Bc3 a4 31. Qh3 Bd8 32. Qf1 Rg7 33. Kd2 c6 34. Kd3
cxd5 35. exd5 Ba5 36. Rg1 Rxg1 37. Qxg1 Bxc3 38. bxc3 Qb2 39. h4 h5 40. Qg5
1/2-1/2

[Event "26th WSCC 2016 Open 65+"]
[Site "Marianske Lazne, Czech Republic - Hotel Cristal and Continental"]
[Date "2016.11.30"]
[Round "11.41"]
[White "Golcman, Evgeny"]
[Black "Gromark, Per-Olof"]
[Result "1-0"]
[WhiteElo "2164"]
[BlackElo "2015"]
[PlyCount "63"]
[EventDate "2016.11.19"]

1. c4 e6 2. Nc3 d5 3. d4 Nf6 4. Nf3 Nbd7 5. g3 dxc4 6. Qa4 a6 7. Qxc4 b5 8. Qd3
Bb7 9. Bg2 Be7 10. O-O O-O 11. Bf4 c5 12. Rac1 Qb6 13. a3 Rfd8 14. dxc5 Bxc5
15. Qb1 h6 16. b4 Bxf2+ 17. Rxf2 Ng4 18. Rcf1 Ndf6 19. Ne5 Bxg2 20. Kxg2 Nxe5
21. Bxe5 Ng4 22. Bxg7 Nxf2 23. Bf6 Ng4 24. Bxd8 Rxd8 25. Kh3 Ne3 26. Rf3 Qd4
27. Qe4 Nc4 28. Rd3 Qf6 29. Qg4+ Kh8 30. Qf4 Qe7 31. Qxh6+ Kg8 32. Ne4 1-0

[Event "26th WSCC 2016 Open 65+"]
[Site "Marianske Lazne, Czech Republic - Hotel Cristal and Continental"]
[Date "2016.11.30"]
[Round "11.43"]
[White "Kende, Gyorgy Dr"]
[Black "Goga, Frantisek"]
[Result "1-0"]
[WhiteElo "2145"]
[BlackElo "2014"]
[PlyCount "39"]
[EventDate "2016.11.19"]

1. e4 c5 2. Nf3 d6 3. Nc3 a6 4. g3 Nc6 5. Bg2 g6 6. O-O Bg7 7. d3 Bd7 8. Nh4 b5
9. f4 b4 10. Ne2 e6 11. f5 g5 12. fxe6 fxe6 13. Nf4 Nf6 14. Nh5 O-O 15. Bxg5
Be8 16. Nxg7 Kxg7 17. Qd2 Kg8 18. Rf2 Ne5 19. Raf1 Ned7 20. e5 1-0

[Event "26th WSCC 2016 Open 65+"]
[Site "Marianske Lazne, Czech Republic - Hotel Cristal and Continental"]
[Date "2016.11.30"]
[Round "11.44"]
[White "Bratus, Petr P"]
[Black "Andreas, Guenter"]
[Result "1-0"]
[WhiteElo "2140"]
[BlackElo "2006"]
[PlyCount "107"]
[EventDate "2016.11.19"]

1. d4 f5 2. Nf3 Nf6 3. g3 d5 4. Bf4 g6 5. Bg2 Bg7 6. O-O O-O 7. Nbd2 h6 8. c4
e6 9. Rc1 c6 10. Qb3 Kh7 11. Ne5 Nbd7 12. Ndf3 Nxe5 13. Bxe5 Nd7 14. Bxg7 Kxg7
15. e3 Nf6 16. Ne5 Nd7 17. Nd3 Nb6 18. Ne5 Nd7 19. Rfd1 Qb6 20. Qa3 Nxe5 21.
dxe5 Bd7 22. Rd3 Qd8 23. Rcd1 Qe8 24. Qc3 Kh7 25. e4 fxe4 26. Bxe4 Rd8 27. Bg2
Rf7 28. Qd4 a6 29. Bh3 Bc8 30. b4 Rdd7 31. Bg2 Qf8 32. cxd5 cxd5 33. Rc3 Rd8
34. Rdd3 Qe7 35. Rf3 Rdf8 36. Rxf7+ Qxf7 37. Qb6 Qe8 38. Rc7+ Rf7 39. Qc5 Rxc7
40. Qxc7+ Qd7 41. Qxd7+ Bxd7 42. f4 h5 43. Kf2 Kg7 44. Ke3 Bb5 45. Bf3 Kf7 46.
Kd4 Ke7 47. Bd1 b6 48. a4 Bc4 49. a5 bxa5 50. bxa5 Bb5 51. Kc5 Kd7 52. Bc2 Be2
53. Bxg6 Ke7 54. Kd4 1-0

[Event "26th WSCC 2016 Open 65+"]
[Site "Marianske Lazne, Czech Republic - Hotel Cristal and Continental"]
[Date "2016.11.30"]
[Round "11.45"]
[White "Ofstad, Per"]
[Black "Vitek, Vaclav"]
[Result "1/2-1/2"]
[WhiteElo "2129"]
[BlackElo "1999"]
[PlyCount "43"]
[EventDate "2016.11.19"]

1. e4 c6 2. d4 g6 3. Nf3 Bg7 4. Nc3 d6 5. h3 Nd7 6. a4 a5 7. Bc4 Nb6 8. Bb3 d5
9. O-O dxe4 10. Nxe4 Nd5 11. Re1 Ngf6 12. Qe2 O-O 13. Ne5 Nxe4 14. Qxe4 Be6 15.
Qh4 Bf6 16. Qg3 Nc7 17. Bh6 Re8 18. Rad1 Qc8 19. Bxe6 Nxe6 20. c3 Ng7 21. Bxg7
Bxg7 22. Qf3 1/2-1/2

[Event "26th WSCC 2016 Open 65+"]
[Site "Marianske Lazne, Czech Republic - Hotel Cristal and Continental"]
[Date "2016.11.30"]
[Round "11.46"]
[White "Olesen, Poul Erik Norgaard"]
[Black "Goncharov, Viktor"]
[Result "1-0"]
[WhiteElo "1998"]
[BlackElo "2125"]
[PlyCount "39"]
[EventDate "2016.11.19"]

1. e4 c5 2. Nf3 Nc6 3. d4 cxd4 4. Nxd4 e5 5. Nb5 a6 6. Nd6+ Bxd6 7. Qxd6 Qf6 8.
Qd1 Qg6 9. Nc3 Nge7 10. g3 d5 11. Bg2 d4 12. Ne2 f5 13. f4 fxe4 14. fxe5 Bg4
15. O-O Qh5 16. Re1 d3 17. cxd3 Nd4 18. Qa4+ b5 19. Qxd4 Bxe2 20. Qxe4 1-0

[Event "26th WSCC 2016 Open 65+"]
[Site "Marianske Lazne, Czech Republic - Hotel Cristal and Continental"]
[Date "2016.11.30"]
[Round "11.49"]
[White "Pacl, Vaclav"]
[Black "Kazantsev, Valentin"]
[Result "1/2-1/2"]
[WhiteElo "2104"]
[BlackElo "1953"]
[PlyCount "31"]
[EventDate "2016.11.19"]

1. Nf3 Nf6 2. b3 g6 3. Bb2 Bg7 4. g3 O-O 5. Bg2 d6 6. d4 c6 7. O-O a5 8. a3
Nbd7 9. Nc3 Nb6 10. a4 Qc7 11. e4 Bg4 12. h3 Bxf3 13. Qxf3 Nfd7 14. Rad1 e5 15.
dxe5 dxe5 16. Ba3 1/2-1/2

[Event "26th WSCC 2016 Open 65+"]
[Site "Marianske Lazne, Czech Republic - Hotel Cristal and Continental"]
[Date "2016.11.30"]
[Round "11.50"]
[White "Montero Martinez, Cristhian"]
[Black "Briza, Jiri"]
[Result "0-1"]
[WhiteElo "2089"]
[BlackElo "1941"]
[PlyCount "56"]
[EventDate "2016.11.19"]

1. e4 e5 2. Nf3 Nc6 3. Bc4 Bc5 4. Nc3 d6 5. Nd5 a6 6. c3 Bg4 7. h3 Bh5 8. b4
Ba7 9. d3 h6 10. Be3 Bxe3 11. Nxe3 Nge7 12. Qb3 b5 13. Bd5 Nxd5 14. Nxd5 O-O
15. g4 Bg6 16. h4 Ne7 17. h5 Nxd5 18. Qxd5 Qf6 19. Ke2 Bh7 20. a4 c6 21. Qxc6
Rac8 22. Qxa6 Rxc3 23. Nd2 Qf4 24. f3 d5 25. Rac1 d4 26. Qxb5 Qe3+ 27. Kd1 Rxd3
28. Rh2 Qg1+ 0-1

[Event "26th WSCC 2016 Open 65+"]
[Site "Marianske Lazne, Czech Republic - Hotel Cristal and Continental"]
[Date "2016.11.30"]
[Round "11.51"]
[White "Zhelesny, Stanislav"]
[Black "Muratoglu, Salih"]
[Result "1/2-1/2"]
[WhiteElo "2067"]
[BlackElo "1897"]
[PlyCount "27"]
[EventDate "2016.11.19"]

1. Nf3 Nf6 2. g3 d6 3. d4 g6 4. Bg2 Bg7 5. O-O O-O 6. c4 Nc6 7. Nc3 Bf5 8. Re1
Ne4 9. Nh4 Nxc3 10. bxc3 Bd7 11. e4 e5 12. Be3 Na5 13. Qe2 Qc8 14. f4 1/2-1/2

[Event "26th WSCC 2016 Open 65+"]
[Site "Marianske Lazne, Czech Republic - Hotel Cristal and Continental"]
[Date "2016.11.30"]
[Round "11.52"]
[White "Sevenyuk, Alexey"]
[Black "Andersson, Kaj"]
[Result "1/2-1/2"]
[WhiteElo "1877"]
[BlackElo "2057"]
[PlyCount "29"]
[EventDate "2016.11.19"]

1. e4 c5 2. Nf3 d6 3. d4 cxd4 4. Nxd4 Nf6 5. Nc3 a6 6. Bg5 e6 7. f4 Be7 8. Qf3
Qc7 9. O-O-O Nbd7 10. g4 b5 11. Bxf6 Nxf6 12. g5 Nd7 13. f5 Bxg5+ 14. Kb1 Nf6
15. h4 1/2-1/2

[Event "26th WSCC 2016 Open 65+"]
[Site "Marianske Lazne, Czech Republic - Hotel Cristal and Continental"]
[Date "2016.11.30"]
[Round "11.53"]
[White "Archangelsky, Mikhail"]
[Black "Slechta, Karel"]
[Result "1-0"]
[WhiteElo "2054"]
[BlackElo "1872"]
[PlyCount "51"]
[EventDate "2016.11.19"]

1. d4 d5 2. Nf3 Nf6 3. e3 e6 4. Nbd2 c5 5. c3 Nc6 6. Bd3 Qc7 7. O-O Be7 8. dxc5
Bxc5 9. b4 Bd6 10. Bb2 O-O 11. Rc1 Qe7 12. a3 Ne5 13. Nxe5 Bxe5 14. Qe2 b6 15.
e4 Qc7 16. Nf3 Bf4 17. e5 Ne4 18. Rc2 f5 19. exf6 Nxf6 20. g3 Bh6 21. c4 Qb7
22. Ne5 Bd7 23. cxd5 exd5 24. Ba6 Qb8 25. Nxd7 Nxd7 26. Qe6+ 1-0

[Event "26th WSCC 2016 Open 65+"]
[Site "Marianske Lazne, Czech Republic - Hotel Cristal and Continental"]
[Date "2016.11.30"]
[Round "11.54"]
[White "Kayaman, Metin"]
[Black "Dahlhaus, Friedhelm"]
[Result "0-1"]
[WhiteElo "1732"]
[BlackElo "2052"]
[PlyCount "70"]
[EventDate "2016.11.19"]

1. d4 d5 2. Nf3 Nf6 3. Bf4 c6 4. Nbd2 Bf5 5. e3 e6 6. c4 Bd6 7. Bxd6 Qxd6 8.
Qb3 b6 9. Rc1 Nbd7 10. cxd5 exd5 11. Qa4 Rc8 12. Qxa7 O-O 13. Qa4 Ra8 14. Qb3
c5 15. a3 c4 16. Qd1 b5 17. Nh4 Be6 18. Qc2 Rfb8 19. f4 Ng4 20. f5 Nxe3 21. Qb1
Qf4 22. g3 Qxd4 23. fxe6 fxe6 24. Nhf3 Qf6 25. Be2 e5 26. Nf1 Ng4 27. h3 Nh6
28. Ne3 e4 29. Nxd5 Qd6 30. Qxe4 Re8 31. Qd4 Nf5 32. Qd2 Nc5 33. Nf4 Nd3+ 34.
Nxd3 cxd3 35. Rh2 Qxg3+ 0-1

[Event "26th WSCC 2016 Open 65+"]
[Site "Marianske Lazne, Czech Republic - Hotel Cristal and Continental"]
[Date "2016.11.30"]
[Round "11.57"]
[White "Ramusch, Arnulf"]
[Black "Haubt, Georg"]
[Result "0-1"]
[WhiteElo "2001"]
[BlackElo "2205"]
[PlyCount "96"]
[EventDate "2016.11.19"]

1. d4 Nf6 2. c4 e6 3. Nf3 b6 4. g3 Bb7 5. Bg2 c5 6. d5 exd5 7. Nh4 g6 8. cxd5
d6 9. Nc3 Bg7 10. O-O O-O 11. e4 Re8 12. Re1 Qd7 13. a4 Na6 14. Nb5 Nc7 15.
Nxc7 Qxc7 16. Bd2 a6 17. Bc3 Re7 18. Qc2 b5 19. axb5 axb5 20. Rxa8+ Bxa8 21. b3
b4 22. Bd2 Bb7 23. Bf1 Qb6 24. Bc4 Ba6 25. f4 Bxc4 26. Qxc4 Ra7 27. e5 Ne8 28.
Nf3 Nc7 29. Be3 Bf8 30. Rc1 Ra5 31. Ng5 Qa6 32. Ne4 Qxc4 33. Nf6+ Kg7 34. bxc4
Be7 35. Ne4 Ne8 36. g4 f6 37. Rd1 h6 38. Kf2 Ra2+ 39. Kg3 Ra3 40. Kf3 b3 41.
Rb1 fxe5 42. fxe5 dxe5 43. Nd2 Nd6 44. Bxc5 e4+ 45. Kg2 Ra2 46. Bd4+ Bf6 47.
Bxf6+ Kxf6 48. Rf1+ Kg7 0-1

[Event "26th WSCC 2016 Open 65+"]
[Site "Marianske Lazne, Czech Republic - Hotel Cristal and Continental"]
[Date "2016.11.30"]
[Round "11.59"]
[White "Hohler, Peter"]
[Black "Just, Pavel"]
[Result "1/2-1/2"]
[WhiteElo "2119"]
[BlackElo "1996"]
[PlyCount "71"]
[EventDate "2016.11.19"]

1. c4 e6 2. Nc3 f5 3. g3 Nf6 4. Bg2 d6 5. d4 g6 6. e4 fxe4 7. Nxe4 Nxe4 8. Bxe4
Bg7 9. Be3 O-O 10. Ne2 Nc6 11. O-O Ne7 12. f4 d5 13. Bd3 dxc4 14. Bxc4 Nd5 15.
Bf2 Kh8 16. Rc1 c6 17. Bb3 Bd7 18. Nc3 Bf6 19. Ne4 Be7 20. Qe2 Qc8 21. Nc5 Bf6
22. Rfe1 Re8 23. a3 Kg8 24. Ba2 a5 25. Nd3 Qc7 26. Ne5 Kg7 27. Ng4 Be7 28. Ne5
Bf6 29. Bb1 Bxe5 30. Qxe5+ Qxe5 31. Rxe5 b6 32. Bd3 Rec8 33. Bf1 Kf7 34. h4 h5
35. Bg2 Kf6 36. Bh3 1/2-1/2

[Event "26th WSCC 2016 Open 65+"]
[Site "Marianske Lazne, Czech Republic - Hotel Cristal and Continental"]
[Date "2016.11.30"]
[Round "11.60"]
[White "Jorgensen, Arne Bjorn"]
[Black "Carlsten, Peter"]
[Result "0-1"]
[WhiteElo "1965"]
[BlackElo "2099"]
[PlyCount "86"]
[EventDate "2016.11.19"]

1. d4 f5 2. c4 Nf6 3. Nf3 g6 4. g3 Bg7 5. Bg2 O-O 6. Nc3 d6 7. O-O Qe8 8. d5
Na6 9. Be3 Bd7 10. Bd4 c5 11. dxc6 bxc6 12. Bxf6 Bxf6 13. Rc1 Rb8 14. b3 Nc5
15. Re1 Qf7 16. Nd4 Qg7 17. e3 Rb6 18. Qd2 e5 19. Nde2 Be7 20. f4 e4 21. Red1
Nd3 22. Rb1 Bf6 23. Bxe4 fxe4 24. Nxe4 Nb4 25. Nxd6 Bg4 26. c5 Rbb8 27. Rbc1
Bb2 28. Rc4 Nxa2 29. Re1 Rxb3 30. Nd4 Bxd4 31. exd4 Ra3 32. Qb2 Ra5 33. Ra1 Be6
34. Rxa2 Rxa2 35. Qxa2 h6 36. Qe2 Bxc4 37. Qxc4+ Kh7 38. Qd3 Rb8 39. f5 Rb4 40.
fxg6+ Qxg6 41. Qe3 Rb1+ 42. Kg2 Rb2+ 43. Kf3 Qh5+ 0-1

[Event "26th WSCC 2016 Open 65+"]
[Site "Marianske Lazne, Czech Republi"]
[Date "2016.11.30"]
[Round "11.61"]
[White "Vavruska, Antonin"]
[Black "Vrchotka, Josef"]
[Result "1/2-1/2"]
[WhiteElo "2096"]
[BlackElo "1994"]
[PlyCount "22"]
[EventDate "2016.11.19"]

1. d4 d5 2. Nf3 e6 3. g3 Nf6 4. Bg2 Bd6 5. c4 c6 6. cxd5 exd5 7. Nc3 O-O 8. O-O
Re8 9. Bg5 Nbd7 10. a3 h6 11. Bxf6 Nxf6 $11 1/2-1/2

[Event "26th WSCC 2016 Open 65+"]
[Site "Marianske Lazne, Czech Republi"]
[Date "2016.11.30"]
[Round "11.62"]
[White "Nickl, Klaus"]
[Black "Strand, Kjetil"]
[Result "1-0"]
[WhiteElo "2075"]
[BlackElo "1990"]
[PlyCount "71"]
[EventDate "2016.11.19"]

1. d4 d5 2. Bf4 Bf5 3. e3 Nf6 4. c4 e6 5. Nc3 c6 6. Qb3 Qc8 7. h3 Be7 8. Nf3 h6
9. Be2 Nbd7 10. O-O O-O 11. Rac1 dxc4 12. Bxc4 Nb6 13. Be2 Re8 14. Bh2 Bf8 15.
Rfd1 Qd7 16. Ne5 Qe7 17. a3 Rad8 18. Bf3 Rc8 19. Na4 Nfd7 20. Nxd7 Nxd7 21.
Qxb7 Ne5 22. Qxe7 Nxf3+ 23. gxf3 Bxe7 24. Kg2 Bg6 25. Rc3 Bf6 26. Rdc1 e5 27.
dxe5 Bxe5 28. Rxc6 Rxc6 29. Rxc6 Bd3 30. Bxe5 Rxe5 31. Rc8+ Kh7 32. f4 Rd5 33.
Nc5 Bb1 34. b4 a5 35. bxa5 Bf5 36. e4 1-0

[Event "26th WSCC 2016 Open 65+"]
[Site "Marianske Lazne, Czech Republi"]
[Date "2016.11.30"]
[Round "11.63"]
[White "Ashby, Anthony C"]
[Black "Trojan, Lubos"]
[Result "1-0"]
[WhiteElo "2074"]
[BlackElo "1987"]
[PlyCount "87"]
[EventDate "2016.11.19"]

1. e4 e6 2. d4 d5 3. Nc3 Nf6 4. Bg5 Be7 5. e5 Nfd7 6. h4 a6 7. Qg4 Bxg5 8. hxg5
Nf8 9. O-O-O Bd7 10. Bd3 g6 11. Nf3 Nc6 12. Qf4 Qe7 13. Nd2 O-O-O 14. Nb3 Kb8
15. Rh3 Ka7 16. Kb1 Rb8 17. Re1 Rg8 18. Nd1 Nb4 19. Be2 b5 20. Rc3 Nc6 21. Nc5
Rb6 22. Rh3 Nd8 23. Ne3 Be8 24. Ng4 Nb7 25. Nb3 a5 26. Nf6 Rh8 27. Reh1 a4 28.
Nc1 Na5 29. Nd3 Nc4 30. Nc5 Rb8 31. Kc1 Bc6 32. b3 Nb6 33. Qd2 Ra8 34. Bxb5
Bxb5 35. Qa5+ Kb8 36. Qxb5 axb3 37. axb3 Kc8 38. Kb2 h5 39. Ra1 Rb8 40. Qa6+
Kd8 41. Qa7 Kc8 42. Rc3 Nc4+ 43. Kc1 Nd6 44. Na6 1-0

[Event "26th WSCC 2016 Open 65+"]
[Site "Marianske Lazne, Czech Republi"]
[Date "2016.11.30"]
[Round "11.64"]
[White "Sand, Rolf"]
[Black "Weller, Karl"]
[Result "1-0"]
[WhiteElo "2068"]
[BlackElo "1969"]
[PlyCount "93"]
[EventDate "2016.11.19"]

1. c4 Nf6 2. g3 c6 3. Bg2 d5 4. Nf3 g6 5. b3 Bg7 6. Bb2 O-O 7. O-O Re8 8. d3
Bf5 9. Nbd2 Qc8 10. cxd5 Bh3 11. dxc6 Nxc6 12. Rc1 Bxg2 13. Kxg2 Qd7 14. Nc4
Rac8 15. Qd2 Rcd8 16. Qc3 b6 17. Qc2 b5 18. Nce5 Nxe5 19. Bxe5 Rc8 20. Qb2 Rxc1
21. Rxc1 Rc8 22. Rxc8+ Qxc8 23. e4 a6 24. Qc3 Qxc3 25. Bxc3 Kf8 26. Bd4 Ke8 27.
Kf1 Bh6 28. Bxf6 exf6 29. Ke2 Kd7 30. d4 Kd6 31. Kd3 Bc1 32. Ne1 h5 33. h3 Ke6
34. g4 hxg4 35. hxg4 Kd6 36. Nc2 a5 37. a4 bxa4 38. bxa4 Kc6 39. Ne3 Ba3 40.
Nc4 Bb4 41. e5 f5 42. gxf5 gxf5 43. Ne3 f4 44. Ng4 Kd5 45. Nf6+ Ke6 46. Ke4 Be1
47. f3 1-0

[Event "26th WSCC 2016 Open 65+"]
[Site "Marianske Lazne, Czech Republi"]
[Date "2016.11.30"]
[Round "11.65"]
[White "Rucka, Alois"]
[Black "Hoeschele, Hans-Ulrich"]
[Result "0-1"]
[WhiteElo "1953"]
[BlackElo "2057"]
[PlyCount "78"]
[EventDate "2016.11.19"]

1. d4 d6 2. g3 Nf6 3. Nf3 g6 4. Bg2 c5 5. c3 cxd4 6. cxd4 Bg7 7. O-O O-O 8. Nc3
a6 9. a4 Nc6 10. e4 a5 11. h3 e5 12. Be3 Re8 13. Re1 Bd7 14. Qd2 Nb4 15. dxe5
dxe5 16. Rad1 Rc8 17. Kh2 Bc6 18. Bg5 Qe7 19. Qd6 h6 20. Bxf6 Qxf6 21. Rd2 Qxd6
22. Rxd6 Nc2 23. Red1 Nd4 24. Nxd4 exd4 25. Nb5 Be5 26. f4 Bxd6 27. Nxd6 Bxa4
28. Rxd4 Ra8 29. e5 Bc6 30. Bf1 Kg7 31. h4 a4 32. Rd3 b5 33. Rc3 Bd7 34. Rc7
Be6 35. Bxb5 a3 36. bxa3 Rxa3 37. Bxe8 Ra2+ 38. Kg1 Ra8 39. Bxf7 Ra1+ {Time}
0-1

[Event "26th WSCC 2016 Open 65+"]
[Site "Marianske Lazne, Czech Republi"]
[Date "2016.11.30"]
[Round "11.66"]
[White "Schmieder, Siegfried"]
[Black "Barboza, Mauro"]
[Result "1/2-1/2"]
[WhiteElo "2052"]
[BlackElo "1944"]
[PlyCount "45"]
[EventDate "2016.11.19"]

1. e4 e5 2. Nc3 Nc6 3. f4 Bc5 4. Nf3 d6 5. Bb5 a6 6. Bxc6+ bxc6 7. fxe5 dxe5 8.
Nxe5 Qg5 9. d4 Qxg2 10. Rf1 Bh3 11. Rf3 Bd6 12. Bf4 Bxe5 13. Bxe5 Bg4 14. Rf2
Qg1+ 15. Rf1 Qe3+ 16. Ne2 f6 17. Bxc7 Qxe4 18. Rf4 Qe6 19. Qd3 Qxe2+ 20. Qxe2+
Bxe2 21. Kxe2 Ne7 22. Re4 Kd7 23. c4 $11 1/2-1/2

[Event "26th WSCC 2016 Open 65+"]
[Site "Marianske Lazne, Czech Republi"]
[Date "2016.11.30"]
[Round "11.67"]
[White "Diaz Franco, Francisco Jorge"]
[Black "Choong, Liong-On Mark"]
[Result "0-1"]
[WhiteElo "2019"]
[BlackElo "1908"]
[PlyCount "102"]
[EventDate "2016.11.19"]

1. Nf3 g6 2. d4 Nf6 3. Bf4 Bg7 4. h3 d6 5. e3 O-O 6. Be2 c5 7. O-O Qb6 8. Qc1
Nc6 9. dxc5 Qxc5 10. c4 Bd7 11. Nbd2 Rac8 12. Nb3 Qb4 13. Qd2 Ne4 14. Qc2 Nc5
15. Nfd2 Ne6 16. Bg3 Ne5 17. Qb1 f5 18. f4 Nf7 19. Nf3 b5 20. cxb5 Bxb5 21. Be1
Qa4 22. Bxb5 Qxb5 23. Nbd4 Qd5 24. Bc3 Nc5 25. Rd1 Ne4 26. Qd3 Nxc3 27. bxc3 e5
28. Nxf5 Qxd3 29. Ne7+ Kh8 30. Rxd3 e4 31. Nxc8 Rxc8 32. Rd5 exf3 33. Rc1 fxg2
34. Kxg2 Bf6 35. c4 Bd8 36. c5 Bb6 37. cxb6 Rxc1 38. bxa7 Rc2+ 39. Kf3 Rxa2 40.
Rb5 Rxa7 41. e4 Ra3+ 42. Kg2 Kg7 43. Rb7 Re3 44. Rb4 g5 45. fxg5 Nxg5 46. Rd4
Nxe4 47. h4 Kf6 48. Rd5 Ke6 49. Rh5 Nf6 50. Rg5 d5 51. Kf2 Ne4+ 0-1